Γραμματική των ελληνικών ιδιωμάτων της κάτω Ιταλίας

Saved in:
Bibliographic Details
Main Author: Καραναστάσης, Αναστάσιος
Format: Book
Language:Greek
Published: Αθήναι : Ακαδημία Αθηνών, 1997.
Subjects:
Tags: Add Tag
No Tags, Be the first to tag this record!

MARC

LEADER 00000cam a2200000 i 4500
001 1/89573
008 051121s1997 gr | ||| |||| ||gre||
035 |l 10081361 
040 |a GR-MyUA  |b gre  |e AACR2 
041 0 |a gre 
082 0 |a 489.37  |2 (22) 
100 1 |a Καραναστάσης, Αναστάσιος. 
245 1 0 |a Γραμματική των ελληνικών ιδιωμάτων της κάτω Ιταλίας /   |c Αναστασίου Καραναστάση.  
260 |a Αθήναι :   |b Ακαδημία Αθηνών,   |c 1997.  
300 |a 189 σ. ;   |c 24 εκ.  
650 0 0 |a Greek language, Modern  |x Dialects  |z Italy  |x Grammar. 
852 |a INST  |b SAMOS  |e 20051121  |h 489.37 ΚΑΡ  |p 005300024742  |q 005300024742  |t BK  |y 0 
901 |a BIBL3-2005-3 
909 |a Σ  |b 124622 
970 |a ΜΑΛΑΓΑΡΗ  |b ΦΩΤΕΙΝΗ  |z 2005/11/21